Ocho mil kilómetros en campaña : relación de las acciones de armas, efectuadas en más de veinte Estados de la República durante un período de cuatro años /
Memorias del futuro presidente Alvaro Obregón (1880-1928), publicadas originalmente en 1917, quien deja constancia de la historia militar y su participación protagónica en tres episodios de la Revolución Carrancista y Constitucionalista: la campaña contra la Rebelión Orozquista, la lucha para derroc...
Gorde:
| Egile nagusia: | |
|---|---|
| Formatua: | Liburua |
| Hizkuntza: | gaztelania |
| Argitaratua: |
París, Francia :
Librería de la Viuda de Ch. Bouret,
1917, c1917
|
| Gaiak: | |
| Etiketak: |
Etiketarik gabe, Izan zaitez lehena erregistro honi etiketa jartzen!
|
MARC
| LEADER | 00000nam^a2200000^a^4500 | ||
|---|---|---|---|
| 001 | 000568329 | ||
| 005 | 20250526000000.0 | ||
| 009 | 20260310132146.345 | ||
| 037 | |a Acervo ITESO - Biblioteca | ||
| 041 | |a ESP | ||
| 082 | |a 972. 0621 |b OBR | ||
| 100 | |a Obregón, Alvaro |e (autor) | ||
| 240 | 1 | 1 | |a [Ocho mil kilómetros en campaña] |
| 245 | 1 | 0 | |a Ocho mil kilómetros en campaña : |b relación de las acciones de armas, efectuadas en más de veinte Estados de la República durante un período de cuatro años / |c A. Obregón. |
| 264 | 4 | |a París, Francia : |b Librería de la Viuda de Ch. Bouret, |c 1917, c1917 | |
| 300 | |a 745, LIX p. ; |c 24.5 cm. | ||
| 336 | |a texto |b txt |2 rdacontenido | ||
| 337 | |a sin mediación |b n |2 rdamedio | ||
| 338 | |a volumen |b nc |2 rdasoporte | ||
| 520 | |a Memorias del futuro presidente Alvaro Obregón (1880-1928), publicadas originalmente en 1917, quien deja constancia de la historia militar y su participación protagónica en tres episodios de la Revolución Carrancista y Constitucionalista: la campaña contra la Rebelión Orozquista, la lucha para derrocar al gobierno de Victoriano Huerta y la campaña contra Zapata, la Convención y Villa. | ||
| 561 | |a Dedicatoria con la leyenda: Para el Sr. ¿Jefe? Juan de Dios Robledo, con mi estimación. México, 26 de enero de 1923, firmado Alvaro Obregón. | ||
| 561 | |a Ex libris de J. Jesús Gómez Fregoso | ||
| 649 | |a XX | ||
| 650 | |a Revolucionarios Mexicanos - |x Memorias | ||
| 650 | |a Militares Mexicanos - |x Memorias | ||
| 650 | |a Política - |z Sonora - |x Historia | ||
| 650 | |a Política - |z México - |x Historia | ||
| 650 | |a Sonora - |x Historia Militar | ||
| 650 | |a Sonora - |x Historia - |y Revolución, 1910-1917 | ||
| 650 | |a Sonora - |x Historia - |y Siglo XX | ||
| 650 | |a Sonora - |x Historia - |x Documentos | ||
| 650 | |a México - |x Historia Militar | ||
| 650 | |a México - |x Historia - |y Rebelión Orozquista, 1912 | ||
| 650 | |a México - |x Historia - |y Régimen Maderista, 1911-1913 | ||
| 650 | |a México - |x Historia - |y Régimen Huertista, 1913-1914 | ||
| 650 | |a México - |x Historia - |y Revolución Villista, 1914-1920 | ||
| 650 | |a México - |x Historia - |y Revolución Zapatista, 1911-1919 | ||
| 650 | |a México - |x Historia - |y Régimen Convencionalista, 1914-1915 | ||
| 650 | |a México - |x Historia - |y Revolución Carrancista y Constitucionalista, 1913-1917 | ||
| 650 | |a México - |x Historia - |y Revolución, 1910-1917 - |x Documentos - |x Tema Principal | ||
| 650 | |a México - |x Historia - |y Siglo XX | ||
| 650 | |a México - |x Historia - |x Documentos | ||
| 650 | |a Obregón, Alvaro - |x Tema Principal | ||
| 910 | |a Fondo Jesús Gómez Fregoso S.J. ITE | ||
| 920 | |a Impresos - Libros | ||
| 930 | |a Libros Antiguos y Raros | ||
| 905 | |a 138 | ||
| 901 | |a 0500401272 |b IT2 |c LRA |i D69544 |u 20250526 | ||
| 902 | |a https://opac.biblio.iteso.mx/vufind/Record/000568329 | ||